| 000 | 00545nam a2200205 4500 | ||
|---|---|---|---|
| 001 | 137776 | ||
| 003 | ES-MaACL | ||
| 005 | 20231221192203.0 | ||
| 007 | t| | ||
| 008 | 070214s1929 sp r ||||1| spa d | ||
| 080 | _a821.134.2-14"19" | ||
| 100 | 1 |
_aSalinas, Pedro, _d1891-1951 _9101942 |
|
| 245 | 1 | 0 |
_aSeguro azar / _cPedro Salinas. |
| 250 | _a[Ed. princeps]. | ||
| 260 |
_aMadrid : _bRevista de Occidente, _c1929. |
||
| 300 |
_a129 p. ; _c21 cm. |
||
| 852 |
_aES-MaACL _jR-3321 |
||
| 852 |
_aES-MaACL _jG-9595 |
||
| 999 |
_c137776 _d137776 |
||